<?xml version="1.0" encoding="UTF-8"?>
<record
    xmlns:xsi="http://www.w3.org/2001/XMLSchema-instance"
    xsi:schemaLocation="http://www.loc.gov/MARC21/slim http://www.loc.gov/standards/marcxml/schema/MARC21slim.xsd"
    xmlns="http://www.loc.gov/MARC21/slim">

  <leader>00806nab a2200217uuc4500</leader>
  <controlfield tag="001">1304904</controlfield>
  <controlfield tag="005">20250930101337.0</controlfield>
  <controlfield tag="008">121108e20120701                    spa  </controlfield>
  <datafield tag="035" ind1=" " ind2=" ">
    <subfield code="a">1304904</subfield>
  </datafield>
  <datafield tag="040" ind1=" " ind2=" ">
    <subfield code="c">comduadb</subfield>
  </datafield>
  <datafield tag="041" ind1=" " ind2=" ">
    <subfield code="a">spa</subfield>
  </datafield>
  <datafield tag="100" ind1="1" ind2="0">
    <subfield code="a">Burbano Coral, Jaime Andres</subfield>
    <subfield code="4">aut</subfield>
    <subfield code="e">aut</subfield>
    <subfield code="9">654723</subfield>
  </datafield>
  <datafield tag="245" ind1="1" ind2="0">
    <subfield code="a">An&#xE1;lisis de distorsi&#xF3;n arm&#xF3;nica en un sistema el&#xE9;ctrico del sector petrolero</subfield>
  </datafield>
  <datafield tag="650" ind1=" " ind2=" ">
    <subfield code="a">Sistemas el&#xE9;ctricos industriales</subfield>
    <subfield code="9">123008</subfield>
  </datafield>
  <datafield tag="650" ind1=" " ind2="0">
    <subfield code="a">Industria del petr&#xF3;leo</subfield>
    <subfield code="9">46983</subfield>
  </datafield>
  <datafield tag="650" ind1=" " ind2=" ">
    <subfield code="a">Distorsi&#xF3;n arm&#xF3;nica</subfield>
    <subfield code="9">37358</subfield>
  </datafield>
  <datafield tag="650" ind1=" " ind2=" ">
    <subfield code="a">Arm&#xF3;nicas en redes el&#xE9;ctricas</subfield>
    <subfield code="9">24176</subfield>
  </datafield>
  <datafield tag="700" ind1="1" ind2="0">
    <subfield code="a">Ramos L&#xF3;pez, Gustavo Andr&#xE9;s</subfield>
    <subfield code="4">aut</subfield>
    <subfield code="e">aut</subfield>
    <subfield code="9">642142</subfield>
  </datafield>
  <datafield tag="773" ind1="0" ind2=" ">
    <subfield code="t">Mundo El&#xE9;ctrico (Bogot&#xE1;)</subfield>
    <subfield code="g">Volumen 26, N&#xFA;mero 088, Julio-Septiembre 2012, 172-176</subfield>
    <subfield code="w">1173845</subfield>
    <subfield code="x">1692-7052</subfield>
    <subfield code="0">525839</subfield>
  </datafield>
  <datafield tag="942" ind1=" " ind2=" ">
    <subfield code="c">ARIMP</subfield>
  </datafield>
  <datafield tag="999" ind1=" " ind2=" ">
    <subfield code="c">626236</subfield>
    <subfield code="d">626236</subfield>
  </datafield>
</record>
